|
|
|
|
| LEADER |
00925nab#a2200313#ar4500 |
| 001 |
000000731 |
| 003 |
SVKKK |
| 005 |
00000000000000.0 |
| 008 |
c xo e sloo |
| FMT |
|
|
|
| 038 |
|
|
|a SVKKK
|
| 040 |
|
|
|a SVKKK
|b slo
|e AACR2
|
| 041 |
0 |
|
|a slo
|
| 044 |
|
|
|a xo
|c SK
|
| 080 |
|
|
|a 553.7.031.1(Bardejovské Kúpele
|2 1981
|
| 080 |
|
|
|a 628.51
|2 1981
|
| 100 |
0 |
|
|a -R-
|4 aut
|
| 245 |
1 |
0 |
|a Tajomstvá našich prameňov :
|b Hovoríme s odborníkom o ochrane a rozvoji prírodných liečivých zdrojov v Bardejovských Kúpeľoch
|c -R- , , Miškanin Ján
|
| 650 |
0 |
4 |
|a pramene minerálne
|x ochrana
|x rozvoj
|z Bardejovské Kúpele
|x rozhovory
|
| 700 |
1 |
|
|a Miškanin, Ján
|4 aut
|
| 773 |
0 |
|
|t Poddukelské noviny
|g Roč. 26, č. 23(1986), s. 1 a 3
|
| 957 |
|
|
|a Bardejovské Kúpele
|
| 958 |
|
|
|a NA
|
| 958 |
|
|
|a RE
|
| 974 |
|
|
|d 960315
|a Čr
|
| 992 |
|
|
|a RBX
|
| BAS |
|
|
|
| 852 |
|
|
|a SVKKK
|b BIB
|
| 998 |
|
|
|a GEO
|